[Event "Opatija Open A 2013"]
[Site "Opatija CRO"]
[Date "2013.07.02"]
[Round "4.3"]
[White "Krsnik Cohar,I"]
[Black "Franciskovic,B"]
[Result "1/2-1/2"]
[WhiteElo "2064"]
[BlackElo "2277"]

1.d4 Nf6 2.Bg5 e6 3.e3 c5 4.Nd2 cxd4 5.exd4 Be7 6.Ngf3 b6 7.Bd3 Bb7 8.c3 d6
9.O-O O-O 10.Qe2 Nbd7 11.Ne1 Re8 12.Nc2 Qc7 13.Rae1 Bf8 14.f4 g6 15.Qf2 h6
16.Ne3 Bg7 17.Bxf6 Nxf6 18.Qh4 Nd5 19.Bb5 Rf8 20.Ng4 h5 21.Ne3 Nxe3 22.Rxe3 Qd8
23.Qf2 a6 24.Bd3 Re8 25.h3 Qd7 26.Be4 Bxe4 27.Rxe4 b5 28.Nf3  1/2-1/2

[Event "6th ch-Cent SRB Int 2013"]
[Site "Paracin SRB"]
[Date "2013.07.06"]
[Round "2.3"]
[White "Miladinovic,I"]
[Black "Arsovic,Z"]
[Result "1-0"]
[WhiteElo "2558"]
[BlackElo "2417"]

1.d4 Nf6 2.Bg5 e6 3.Nc3 h6 4.Bxf6 Qxf6 5.e4 d6 6.Nf3 c6 7.e5 Qd8 8.exd6 Bxd6
9.Ne4 Be7 10.c3 Nd7 11.Bd3 c5 12.dxc5 Nxc5 13.Nxc5 Bxc5 14.Qe2 Qc7 15.Bb5+ Ke7
16.O-O a6 17.Bd3 Rd8 18.Kh1 Bd7 19.Rae1 Qf4 20.g3 Qg4 21.Be4 Rac8 22.Kg2 Ba7
23.c4 b5 24.Qd2 Qh5 25.Qc3 Kf8 26.Ne5 Be8 27.Bb7 Rb8 28.Qa3+ Kg8 29.Bf3 Qf5
30.Qxa6 Bd4 31.Nc6 Bxc6 32.Qxc6 bxc4 33.Qxc4 Rxb2 34.Re2 Rxe2 35.Qxe2 Bb6
36.Rc1 Qf6 37.Rc4 g6 38.h4 Kg7 39.Rb4 Bc5 40.Rf4 Qa1 41.h5 g5 42.Rc4 Be7
43.Rc7 Qf6 44.a4 Bd6 45.Rb7 Rb8 46.Rd7 Rd8 47.Ra7 Rb8 48.Qd3 Bc5 49.Rc7 Bb6
50.Rc2 Qd4 51.Qe2 Rd8 52.Rb2 Rd7 53.Rb5 Ra7 54.Bc6 Rc7 55.Be4 Ra7 56.Bc2 Rc7
57.Bb3 Ra7 58.Qf3 Ra5 59.Bxe6 fxe6 60.Qb7+ Kf6 61.Rxb6 Rxa4 62.Qf3+ Ke7 63.Rb7+ Kd6
64.Qf8+ Ke5 65.Rb5+  1-0

[Event "6th d'Ille et Vilaine 2013"]
[Site "Rennes FRA"]
[Date "2013.07.07"]
[Round "3.5"]
[White "Mladenov,P"]
[Black "Lechartre,Victorien"]
[Result "1-0"]
[WhiteElo "2405"]
[BlackElo "1669"]

1.d4 Nf6 2.Bg5 e6 3.e4 h6 4.Bxf6 Qxf6 5.c3 d6 6.Bd3 e5 7.Ne2 g6 8.O-O Bg7
9.f4 Qe7 10.Nd2 Nd7 11.f5 O-O 12.Qb3 Kh7 13.Nc4 Nf6 14.Ne3 c6 15.d5 Qc7 16.Kh1 Bd7
17.Rf3 g5 18.g4 Ne8 19.Raf1 f6 20.h4 c5 21.Rh3 Rh8 22.Kg2 Kg8 23.Ng3 Rb8
24.Bb5 Qd8 25.a4 a5 26.Nc4 Bxb5 27.Qxb5 b6 28.Nh5 Bf8 29.Qxe8 Qxe8 30.Nxf6+ Kg7
31.Nxe8+ Rxe8 32.hxg5 hxg5 33.Rxh8 Kxh8 34.Nxb6 Rb8 35.Nc4 Kg7 36.Rh1 Be7
37.Kf3 Ra8 38.Ke3 Ra7 39.Kd3 Rb7 40.Kc2 Ra7 41.Ne3 Rb7 42.Nf1 Rb8 43.Ng3 Ra8
44.Ra1 Rh8 45.Nh5+ Kf7 46.Ra3  1-0

[Event "41st TCh-GRE"]
[Site "Rio (Achaia) GRE"]
[Date "2013.07.07"]
[Round "7.4"]
[White "Kalaitzoglou,P"]
[Black "Sigalas,F"]
[Result "0-1"]
[WhiteElo "2144"]
[BlackElo "2195"]

1.d4 Nf6 2.Bg5 e6 3.e4 h6 4.Bxf6 Qxf6 5.Nc3 d6 6.Qd2 Nd7 7.f4 b6 8.Bb5 Bb7
9.O-O-O O-O-O 10.d5 g6 11.g4 g5 12.Nge2 gxf4 13.Nd4 a6 14.Bc6 Ne5 15.a4 Bg7
16.a5 Nc4 17.Qe2 b5 18.b3 f3 19.Qf2 Qf4+ 20.Kb1 Qe3 21.Qxe3 Nxe3 22.Rd3 Bxd4
23.Rxd4 f2 24.Rdd1 Rdg8 25.Rdf1 Nxf1 26.Bxb7+ Kxb7 27.Rxf1 Rxg4 28.Rxf2 b4
29.Na2 Rxe4 30.Rxf7 exd5  0-1

[Event "IsBank TCh-TUR 2013"]
[Site "Denizli TUR"]
[Date "2013.07.09"]
[Round "12.8"]
[White "Karatiken,Seray"]
[Black "Ozturk,H"]
[Result "0-1"]
[WhiteElo "1277"]
[BlackElo "1843"]

1.d4 Nf6 2.Bg5 e6 3.Nf3 h6 4.Bh4 c5 5.e3 cxd4 6.Nxd4 Be7 7.Nc3 a6 8.Bd3 O-O
9.O-O d6 10.Bg3 Nbd7 11.Nf3 Nh5 12.Ne2 Nxg3 13.Nxg3 Nc5 14.Ne4 Nxd3 15.Qxd3 b5
16.Rfd1 d5 17.Nc3 Bb7 18.a3 Qc7 19.Rab1 Rac8 20.Rd2 Rfd8 21.Ne2 e5 22.Qc3 Qxc3
23.Nxc3 d4 24.exd4 Bxf3 25.gxf3 Rxd4 26.Rxd4 exd4 27.Nd5 Bh4 28.c3 Rd8 29.Nb4 dxc3
30.bxc3 Rd6 31.Rb2 Bf6 32.Kg2 Bxc3 33.Rc2 Bxb4 34.axb4 Kf8 35.Kg3 Ke7 36.Kg2 Kd7
37.Kf1 Rc6 38.Rb2 Rc1+ 39.Kg2 Ra1 40.Kg3 a5 41.bxa5 Rxa5 42.f4 Kc6 43.Kf3 Ra7
44.Ke3 Rb7 45.Kd3 b4 46.Kc4 b3 47.f3 Kd6 48.Kd3 Ke6 49.Ke3 Kf5 50.h4 h5  0-1

[Event "Universiade Men"]
[Site "Kazan RUS"]
[Date "2013.07.09"]
[Round "1.7"]
[White "Nguyen Van Hai"]
[Black "Amin,B"]
[Result "0-1"]
[WhiteElo "2353"]
[BlackElo "2650"]

1.d4 Nf6 2.Bg5 e6 3.Nd2 h6 4.Bh4 c5 5.e3 b6 6.Ngf3 Bb7 7.c3 Be7 8.Bd3 d6
9.Qe2 g5 10.Bg3 g4 11.Nh4 Rg8 12.h3 h5 13.hxg4 hxg4 14.e4 cxd4 15.cxd4 d5
16.Bxb8 Rxb8 17.e5 Ne4 18.g3 Bg5 19.Nxe4 dxe4 20.Bxe4 Qxd4 21.Bxb7 Rxb7 22.Rd1 Qb4+
23.Kf1 Rc7 24.Kg2 Qc4 25.Rhe1 Rh8 26.Qxc4 Rxc4 27.b3 Rc2 28.Re4 Bxh4 29.gxh4 Rxh4
30.Kg3 Rh3+ 31.Kxg4 Rh2 32.Red4 Kf8 33.Rd8+ Kg7 34.f4 Rxa2 35.Kf3 Rh3+ 36.Ke4 Re2+
37.Kd4 Rg2 38.Ra8 Rxb3 39.Rxa7 Rb4+ 40.Ke3 Rg3+ 41.Ke2 Rxf4 42.Rd6 Rg6  0-1

[Event "Werner-Ott-Open 2013"]
[Site "Berlin GER"]
[Date "2013.07.10"]
[Round "5.7"]
[White "Kopisch,M"]
[Black "Krefenstein,Sergej"]
[Result "1-0"]
[WhiteElo "2129"]
[BlackElo "2119"]

1.d4 Nf6 2.Bg5 e6 3.e3 h6 4.Bh4 b6 5.Nd2 Bb7 6.c3 d6 7.Qc2 Nbd7 8.O-O-O Be7
9.h3 a6 10.f4 g5 11.Bf2 gxf4 12.exf4 Nd5 13.f5 e5 14.Ngf3 Bg5 15.Kb1 exd4
16.Bxd4 Bf6 17.Re1+ Kf8 18.Bf2 Nc5 19.Bxc5 bxc5 20.Ne4 Kg7 21.Nfd2 Qd7 22.Bd3 Rae8
23.Qd1 Rhg8 24.c4 Nf4 25.Qg4+ Bg5 26.f6+ Kh8 27.Qxd7 Nxd3 28.Nxg5 Bc8 29.Nxf7+ Kh7
30.Qxe8  1-0

[Event "120th ch-SCO 2013"]
[Site "Helensburgh SCO"]
[Date "2013.07.12"]
[Round "7.10"]
[White "Nickl,K"]
[Black "Pritchett,C"]
[Result "1/2-1/2"]
[WhiteElo "2101"]
[BlackElo "2360"]

1.d4 Nf6 2.Bg5 e6 3.Nd2 h6 4.Bh4 c5 5.e3 Nc6 6.Ngf3 d5 7.c3 Qb6 8.Qb3 Qxb3
9.axb3 Bd7 10.Bd3 cxd4 11.exd4 Nh5 12.Bg3 Nxg3 13.hxg3 Bd6 14.b4 O-O 15.O-O f6
16.b5 Ne7 17.Rfe1 Rfb8 18.Ra2 a5 19.Rea1 b6 20.b4 Rc8 21.Nb1 Bc7 22.bxa5 bxa5
23.Nbd2 Rab8 24.Rb2 Bd8 25.c4 dxc4 26.Bxc4 Nd5 27.Bf1 Nc3 28.Nc4 Nxb5 29.Nxa5 Nxd4
30.Rxb8 Nxf3+ 31.gxf3 Rxb8 32.Nc4 Bc6 33.f4 Ra8 34.Rc1 Bd5 35.Ne3 Bb6 36.Nxd5 exd5
37.Rc6 Rb8 38.Bh3 d4 39.Rc8+ Rxc8 40.Bxc8 Kf7 41.Ba6 Ke6 42.Bd3 Kd5 43.f5 Ba5
44.Kf1 h5 45.Ke2 Kc5 46.Kd1 Kb4 47.Be2 Kc3 48.Bxh5 d3 49.Be8 Bb6 50.f3 Bf2
51.g4 Be3 52.Bc6 Bf4 53.Ba8 Kd4 54.Bb7 Ke3 55.Bc6 d2 56.Be4 Kf2 57.Bb7 Be3
58.Bc6 Bg5 59.Bb7 Bf4  1/2-1/2

[Event "3rd SPAChess Open"]
[Site "Amsterdam NED"]
[Date "2013.07.14"]
[Round "8.11"]
[White "Hachijan,A"]
[Black "Schipper,P"]
[Result "1-0"]
[WhiteElo "2214"]
[BlackElo "2103"]

1.d4 Nf6 2.Bg5 e6 3.e4 h6 4.Bxf6 Qxf6 5.Nf3 d6 6.Nc3 Nd7 7.Qd2 Qd8 8.O-O-O a6
9.Bd3 b5 10.Kb1 Bb7 11.d5 e5 12.g4 g6 13.h4 Bg7 14.h5 g5 15.Rc1 Qf6 16.Ne1 O-O
17.Ng2 Nb6 18.Ne3 Rfd8 19.Rh3 c6 20.dxc6 Bxc6 21.Qe2 Qe6 22.Ncd5 Rab8 23.Rd1 Rb7
24.Nb4 Be8 25.Nxa6 Ra8 26.Nb4 Qd7 27.c3 Rba7 28.Bc2 f6 29.Ned5 Nxd5 30.exd5 Qc8
31.Bf5 Bd7 32.Bxd7 Qxd7 33.Qe4 Ra4 34.a3 Rc8 35.Qf5 Qxf5+ 36.gxf5 Bf8 37.Re3 Be7
38.f3 Kf7 39.Rg1 Rc5 40.Rg4 Ke8 41.Ka2 Kd7 42.Rd3 Bd8 43.b3 Ra8 44.Nc6 Bb6
45.a4 bxa4 46.b4 Rxd5 47.Rxd5 Kxc6 48.c4 a3 49.Rg2 Bd4 50.Ra5 Rxa5 51.bxa5 Bc5
52.Kb3 Kb7 53.Ka4 Ka6 54.Ra2 e4 55.fxe4 g4 56.Rg2 g3 57.Kb3 Bf2 58.c5 dxc5
59.e5 fxe5 60.f6 e4 61.f7 c4+ 62.Kxc4 a2 63.f8=Q a1=Q 64.Qa8+  1-0

[Event "50th Canadian Open 2013"]
[Site "Ottawa CAN"]
[Date "2013.07.15"]
[Round "4"]
[White "Cheng,Bi"]
[Black "Zhou,Qiyu"]
[Result "1-0"]
[WhiteElo "2406"]
[BlackElo "1902"]

1.d4 Nf6 2.Bg5 e6 3.e4 h6 4.Bxf6 Qxf6 5.c3 d5 6.Nd2 c5 7.Ngf3 Nc6 8.Bb5 a6
9.Bxc6+ bxc6 10.Qa4 Bd7 11.Ne5 Qd8 12.O-O Bd6 13.Nd3 cxd4 14.Qxd4 O-O 15.e5 Be7
16.b4 Qc7 17.Nb3 f6 18.f4 Rae8 19.Rae1 fxe5 20.Nxe5 Bd6 21.Nc5 Bc8 22.h4 Rf5
23.g3 Bxe5 24.Rxe5 Rxe5 25.Qxe5 Qxe5 26.fxe5 Re7 27.Kg2 Ra7 28.Rf4 a5 29.a4 Ra8
30.Kf2 Ba6 31.Nxe6 Bc4 32.Nc5 axb4 33.cxb4 Re8 34.e6 d4 35.Rxd4 Bxe6 36.Nxe6 Rxe6
37.a5 Re7 38.Rf4 Ra7 39.Ke3 c5 40.bxc5 Rxa5 41.Kd4 g5 42.hxg5 hxg5 43.Re4 Kf7
44.Kd5 Ra1 45.g4 Rd1+ 46.Rd4 Rf1 47.Kd6 Ke8 48.Rd5 Rf6+ 49.Kc7 Rf7+ 50.Kb6 Rf1
51.c6 Rb1+ 52.Kc7  1-0

[Event "17th Battle of Senta"]
[Site "Senta SRB"]
[Date "2013.07.17"]
[Round "6.17"]
[White "Suc,T"]
[Black "Djuza,Z"]
[Result "1-0"]
[WhiteElo "2137"]
[BlackElo "2063"]

1.d4 Nf6 2.Bg5 e6 3.Nd2 d5 4.e3 Be7 5.Bd3 h6 6.Bxf6 Bxf6 7.c3 Nd7 8.f4 c5
9.Ngf3 Qb6 10.Qc2 Qc7 11.Ne5 a6 12.O-O b5 13.Ndf3 c4 14.Be2 Nb6 15.Kh1 h5
16.Ng5 g6 17.Ngxf7 Rg8 18.Ng5 Qg7 19.b3 cxb3 20.axb3 Ra7 21.Bd3 Rc7 22.Rac1 Kd8
23.Qe2 Na8 24.c4 bxc4 25.bxc4 dxc4 26.Bxc4 Bxg5 27.fxg5 a5 28.Rb1 Rb7 29.Qa2 Nc7
30.Rxb7 Bxb7 31.Rf7 Qh8 32.Qxa5  1-0

[Event "Czech Open G1 Rapid 2013"]
[Site "Pardubice CZE"]
[Date "2013.07.18"]
[Round "4.67"]
[White "Chernyshova,N"]
[Black "Hoegener,C"]
[Result "1/2-1/2"]
[WhiteElo "2109"]
[BlackElo "2047"]

1.d4 Nf6 2.Bg5 e6 3.e4 d5 4.e5 h6 5.Be3 Nfd7 6.Bd3 c5 7.c3 Nc6 8.Ne2 cxd4
9.cxd4 Nb4 10.O-O Be7 11.Nbc3 Nxd3 12.Qxd3 Nb6 13.b3 Bd7 14.Rac1 O-O 15.Ng3 f5
16.exf6 Bxf6 17.Nh5 Be8 18.Nxf6+ Qxf6 19.Ne2 Bg6 20.Qd2 Rac8 21.Bf4 Qf5 22.Bd6 Rxc1
23.Qxc1 Rc8 24.Qe3 Qe4 25.Qxe4 Bxe4 26.Rc1 Bd3 27.Rxc8+ Nxc8 28.Nc1 Bb5 29.Bc7 Ne7  1/2-1/2

[Event "17th Battle of Senta"]
[Site "Senta SRB"]
[Date "2013.07.19"]
[Round "8.17"]
[White "Djuza,Z"]
[Black "Manojlovic,Sa"]
[Result "1/2-1/2"]
[WhiteElo "2063"]
[BlackElo "2127"]

1.d4 Nf6 2.Bg5 e6 3.e3 c5 4.Nc3 d5 5.Nf3 Nc6 6.a3 a6 7.Ne5 h6 8.Bf4 cxd4
9.exd4 Be7 10.h4 Qb6 11.Nf3 Ne4 12.Bd3 Nxc3 13.bxc3 Qa5 14.Bd2 Qc7 15.Qe2 Bd6
16.c4 dxc4 17.Bxc4 O-O 18.Bd3 e5 19.d5 Nd4 20.Nxd4 exd4 21.O-O Bd7 22.a4 Rfe8
23.Qf3 Qc8 24.Rfe1 Qc5 25.Qh5 Rxe1+ 26.Rxe1 Bf8 27.a5 Re8 28.Rxe8 Bxe8 29.Qf3 Bb5
30.Be4  1/2-1/2

[Event "Thracian Princess ch-BUL Open w 2013"]
[Site "Vratsa BUL"]
[Date "2013.07.19"]
[Round "7.8"]
[White "Bocheva,M"]
[Black "Salimova,Nurgyul"]
[Result "0-1"]
[WhiteElo "1821"]
[BlackElo "1870"]

1.d4 Nf6 2.Bg5 e6 3.Nd2 d5 4.Ngf3 Be7 5.e3 O-O 6.Be2 c5 7.c3 Nc6 8.O-O Qb6
9.Qb3 h6 10.Qxb6 axb6 11.Bh4 c4 12.Bg3 b5 13.Ne5 b4 14.Ng4 Nxg4 15.Bxg4 b5
16.Bf3 f5 17.Nb1 g5 18.h3 Na5 19.Nd2 bxc3 20.bxc3 b4 21.Rfc1 bxc3 22.Rxc3 Bb4
23.Rxc4 dxc4 24.Nxc4 Ra6 25.Ne5 Bd6 26.Rc1 Bb7 27.Bh5 Bxe5 28.Bxe5 Nc6 29.Bd6 Rd8
30.Bc5 Rxa2 31.Rb1 Ba8 32.g4 Rb8 33.Rf1 f4 34.exf4 gxf4 35.Re1 Nd8 36.Bd6 Rbb2
37.Rf1 Nc6 38.Bxf4 Nxd4 39.g5 hxg5 40.Bxg5 Rb5 41.h4 Bf3 42.Bg6 Ne2+ 43.Kh2 Ra4
44.Be7 Rg4  0-1

[Event "28th Avoine Open"]
[Site "Avoine FRA"]
[Date "2013.07.20"]
[Round "1.42"]
[White "Wojtkowski,F"]
[Black "Wenzel,J"]
[Result "1-0"]
[WhiteElo "1980"]
[BlackElo "2171"]

1.d4 Nf6 2.Bg5 e6 3.e3 h6 4.Bh4 c5 5.c3 b6 6.Nf3 Be7 7.Bd3 cxd4 8.exd4 Bb7
9.O-O O-O 10.Nbd2 d6 11.Re1 Nbd7 12.Ne4 Bxe4 13.Bxe4 Nxe4 14.Rxe4 Bxh4 15.Rxh4 Re8
16.Qb3 Nf6 17.Re1 Rc8 18.Rh3 Qc7 19.Nd2 d5 20.Qd1 b5 21.Ree3 a5 22.Reg3 Kf8
23.Qf3 Qe7 24.Qf4 Ng8 25.Nf3 Red8 26.Ne5 Qf6 27.Qg4 Ne7 28.Rf3 Nf5 29.Qh5 Ke8
30.Rf4 b4 31.Qe2 bxc3 32.bxc3 Qg5 33.Rhf3 f6 34.Nd3 Rxc3 35.Rxf5 Rc1+ 36.Ne1 Qg4
37.R5f4 Qh5 38.Re3 Qf7 39.h3 Rb8 40.Kh2 Rbb1 41.Qd2 a4 42.Rc3 Rxc3 43.Qxc3 Kd8
44.Qa5+ Qc7 45.Qxc7+ Kxc7 46.Nd3 Kd6 47.Kg3 Ra1 48.Nb4 Rd1 49.Kf3 Rb1 50.Nd3 Ra1
51.Nb4 Rb1 52.Nd3 Ra1 53.Ke2 Rxa2+ 54.Kd1 e5 55.dxe5+ fxe5 56.Rf7 e4 57.Nb4 Ra1+
58.Kd2 g5 59.Nc2 Rf1 60.Kc3 Kc5 61.Rf5 Rd1 62.Ne3 Rd3+ 63.Kb2 Kc6 64.Rf6+ Kc5
65.Rf5 Kc6 66.Ng4 Rb3+ 67.Kc2 d4 68.Ra5 d3+ 69.Kd2 a3 70.Ne3 Rb2+ 71.Kc3 Rxf2
72.Rxa3 Re2 73.Kd4 Re1 74.Kxe4 d2 75.Rd3  1-0

[Event "Lueneburg Open 2013"]
[Site "Lueneburg GER"]
[Date "2013.07.20"]
[Round "6.13"]
[White "Wasmuth,M"]
[Black "Oehne,Timo"]
[Result "1/2-1/2"]
[WhiteElo "2163"]
[BlackElo "2017"]

1.d4 Nf6 2.Bg5 e6 3.e3 b6 4.Qf3 d5 5.Bxf6 Qxf6 6.Qxf6 gxf6 7.g3 Nd7 8.Bg2 Bb7
9.c4 c6 10.cxd5 cxd5 11.Nc3 Bb4 12.Ne2 Rc8 13.O-O Ba6 14.Rfc1 O-O 15.a3 Be7
16.a4 Bxe2 17.Nxe2 Bb4 18.Rxc8 Rxc8 19.Rc1 Rxc1+ 20.Nxc1 f5 21.Nd3 Bd6 22.b4 Kg7
23.f3 a5 24.b5 Nf6 25.Kf2 Bc7 26.Bf1 Bd6 27.Be2 Bc7 28.Bd1 Bd6 29.Bc2 Bc7
30.Kg2 Bd6 31.Nf2 h6 32.Nd3  1/2-1/2

[Event "17th Battle of Senta"]
[Site "Senta SRB"]
[Date "2013.07.20"]
[Round "9.2"]
[White "Kosanovic,G"]
[Black "Dragovic,M"]
[Result "1/2-1/2"]
[WhiteElo "2372"]
[BlackElo "2387"]

1.d4 Nf6 2.Bg5 e6 3.e4 Be7 4.Nd2 d5 5.Bxf6 Bxf6 6.Ngf3 Nc6 7.e5 Be7 8.c3 Bd7
9.Bd3 f6 10.exf6 Bxf6 11.O-O  1/2-1/2

[Event "65th ch-MNE 2013"]
[Site "Cetinje SRB"]
[Date "2013.07.24"]
[Round "5.17"]
[White "Djukanovic,M"]
[Black "Ajanovic,Berina"]
[Result "1-0"]
[WhiteElo "1777"]
[BlackElo "1382"]

1.d4 Nf6 2.Bg5 e6 3.e4 Be7 4.e5 Nd5 5.Bxe7 Qxe7 6.Qd2 c5 7.Nf3 b6 8.c4 Nc7
9.d5 exd5 10.cxd5 d6 11.Be2 Bb7 12.Nc3 O-O 13.O-O-O Rd8 14.Rhe1 Nd7 15.Bc4 Nxe5
16.Nxe5 dxe5 17.f4 Qh4 18.g3 Qg4 19.Rxe5 Ne6 20.Ree1 Nd4 21.Qe3 Kf8 22.Ne2 Nf3
23.h3 Qxh3 24.Qxf3 g6 25.Nc3 Rd7 26.Rh1  1-0

[Event "VIII Vladimir Dvorkovich Open"]
[Site "Taganrog RUS"]
[Date "2013.07.26"]
[Round "5.3"]
[White "Chernyavsky,A"]
[Black "Andreev,Ed UKR"]
[Result "1/2-1/2"]
[WhiteElo "2252"]
[BlackElo "2501"]

1.d4 Nf6 2.Bg5 e6 3.e4 c5 4.d5 h6 5.Bxf6 Qxf6 6.Nc3 d6 7.dxe6 Bxe6 8.Qd2 Nc6
9.O-O-O O-O-O 10.f4 g6 11.Bb5 Bg7 12.Bxc6 bxc6 13.Nf3 Qe7 14.Qe3 g5 15.e5 gxf4
16.Qxf4 dxe5 17.Qa4 Qc7 18.Ne4 Qb6 19.Nd6+ Kb8 20.c3 f5 21.Nh4 Bf6 22.Nhxf5 Rhg8
23.g3 h5 24.Kb1 Rd7 25.Ne3 Rgd8 26.Ne4 Bg7 27.Rxd7 Rxd7  1/2-1/2

[Event "Sparkassen Open A 2013"]
[Site "Dortmund GER"]
[Date "2013.07.27"]
[Round "1.23"]
[White "Krueger,An"]
[Black "Schulze,Marc"]
[Result "0-1"]
[WhiteElo "2120"]
[BlackElo "1926"]

1.d4 Nf6 2.Bg5 e6 3.e4 Be7 4.Bd3 d5 5.e5 Nfd7 6.Bxe7 Qxe7 7.c3 c5 8.Ne2 Nc6
9.O-O O-O 10.Nd2 f6 11.exf6 Qxf6 12.Nf3 e5 13.dxe5 Ndxe5 14.Nxe5 Nxe5 15.Bc2 Be6
16.Ng3 Rad8 17.f4 Nc4 18.Qe2 Rfe8 19.Qf2 d4 20.Ne4 Qh6 21.Nxc5 dxc3 22.Nxe6 Qxe6
23.Rae1 Qc6 24.Bb3 cxb2 25.Qxb2 Kh8 26.Bxc4 Qxc4 27.Qxb7 Rxe1 28.Rxe1 Qxa2
29.h3 a5 30.Kh2 h6 31.Re7 Qd2 32.Qe4 Rf8 33.Kg3 Qc3+ 34.Kh2 Qd2 35.Kg3 Qc3+
36.Kg4 Qd2 37.Qe5 Qxg2+ 38.Kh4 Rxf4+ 39.Qxf4 g5+ 40.Kh5 gxf4 41.Kxh6 Qxh3+
42.Kg6 Qg4+ 43.Kf6  0-1

[Event "III Brazil Maringa Open"]
[Site "Maringa BRA"]
[Date "2013.07.27"]
[Round "7.24"]
[White "Bastos,Guilherme Exterhotter"]
[Black "Rezende,Guilherme Vilela"]
[Result "1/2-1/2"]
[WhiteElo "1933"]
[BlackElo "2085"]

1.d4 Nf6 2.Bg5 e6 3.e3 c5 4.c3 Be7 5.Nf3 b6 6.Nbd2 h6 7.Bf4 Nh5 8.Bxb8 Rxb8
9.e4 cxd4 10.cxd4 O-O 11.g3 Nf6 12.Qe2 Qc7 13.Qc4 Qxc4 14.Bxc4 Nxe4 15.Nxe4 d5
16.Bd3 dxe4 17.Bxe4 Bb4+ 18.Ke2 Ba6+ 19.Bd3 Bb7 20.Ke3 Rfd8 21.Be4 Ba6 22.Ne5 Bb5
23.Bc6 f6 24.Bxb5 fxe5 25.dxe5 Rd5 26.Bc4 Bc5+ 27.Kf3 Rf8+ 28.Kg2 Rxf2+ 29.Kh3 Rxe5
30.Rae1 Be3 31.b4 Kf7 32.Rhf1 Rxf1 33.Rxf1+ Ke7 34.Re1 b5 35.Bb3 Kf6 36.Rf1+ Ke7
37.Re1 Kd6 38.Rd1+ Kc6 39.Re1 Kb6 40.Kg2 Bd4 41.Rxe5 Bxe5 42.Bxe6 Bc3 43.Kf3 Bxb4
44.Kg4 a5 45.Kh5 Bc3 46.Kg4 Kc5 47.Kf3 Kb4 48.Ke4 Ka3 49.Kd3 Kb2 50.Bd7 b4
51.Be6 a4 52.h4 b3 53.axb3 axb3 54.h5 Be5 55.g4 Ka3 56.Bf7 Kb4 57.Kd2 b2
58.Kc2 Kc5 59.Be6 Kd6 60.Bc8 Ke7 61.Kb1 Kf6 62.Kc2  1/2-1/2

[Event "Charleroi Open 2013"]
[Site "Charleroi BEL"]
[Date "2013.07.29"]
[Round "3.3"]
[White "Mueller,Mart2"]
[Black "Ringoir,T"]
[Result "0-1"]
[WhiteElo "2100"]
[BlackElo "2471"]

1.d4 Nf6 2.Bg5 e6 3.Nf3 h6 4.Bh4 g5 5.Bg3 Ne4 6.Nbd2 Nxg3 7.hxg3 Bg7 8.e3 d6
9.c3 Nc6 10.Qc2 Bd7 11.Bd3 Qe7 12.Nh2 f5 13.O-O-O O-O-O 14.f4 Qf7 15.Qb3 Ne7
16.Bb5 Bxb5 17.Qxb5 e5 18.Qa4 a6 19.dxe5 dxe5 20.Nhf3 gxf4 21.gxf4 e4 22.Nd4 Qg6
23.Qc4 Bxd4 24.cxd4 Nd5 25.Qe2 Rhg8 26.Rh2 Qb6 27.Nc4 Qb5 28.Qc2 Rg6 29.Na3 Qb4
30.Qd2 Rc6+ 31.Nc2 Qxd2+ 32.Rxd2 Nxe3 33.Rxh6 Rxh6 34.Nxe3 Rf8 35.Kc2 Rh1
36.Nd5 Rf1 37.Ne7+ Kd8 38.Ng6 Rg8 39.Ne5 Rxf4 40.d5 e3 41.Re2 Rf2 42.Kd3 f4  0-1

[Event "Charleroi Open 2013"]
[Site "Charleroi BEL"]
[Date "2013.07.30"]
[Round "5.18"]
[White "Mueller,Mart2"]
[Black "Barbier,Astrid"]
[Result "1-0"]
[WhiteElo "2100"]
[BlackElo "1754"]

1.d4 Nf6 2.Bg5 e6 3.Nf3 h6 4.Bh4 g5 5.Bg3 Ne4 6.Be5 f6 7.Qd3 d5 8.Bg3 Nxg3
9.Qg6+ Kd7 10.hxg3 Qe7 11.Nc3 b6 12.e4 Bb7 13.Bb5+ c6 14.Ba4 Kc7 15.O-O-O Nd7
16.exd5 exd5 17.Rde1 Qh7 18.Qh5 Bb4 19.Re6 a5 20.a3 Bd6 21.Rhe1 Qg7 22.g4 Raf8
23.Rxd6 Kxd6 24.Qh2+ Ne5 25.dxe5+ Kd7 26.e6+ Kc8 27.Nxd5 cxd5 28.Bd7+ Kd8
29.Qb8+ Ke7 30.Qxb7 Rb8 31.Qc7  1-0

[Event "5th Rethymno Open"]
[Site "Rethymno GRE"]
[Date "2013.07.30"]
[Round "4.9"]
[White "Stavrianakis,I"]
[Black "Zinchenko,Ya"]
[Result "1/2-1/2"]
[WhiteElo "2298"]
[BlackElo "2536"]

1.d4 Nf6 2.Bg5 e6 3.c3 h6 4.Bh4 c5 5.e3 b6 6.Bxf6 Qxf6 7.Qf3 Nc6 8.Qxf6 gxf6
9.Nd2 Bb7 10.Ngf3 cxd4 11.Nxd4 Rg8 12.Nxc6 Bxc6 13.Rg1 f5 14.g3 Bg7 15.Nb3 Ke7
16.Bd3 d5 17.Nd4 Bd7 18.Kd2 Kf6 19.Bb5 Bxb5 20.Nxb5 Bf8 21.f4 h5 22.Nd4 a6
23.Rac1 Rc8 24.Kd3 Ke7 25.Nf3 Bg7 26.Rg2 Bf6 27.Rgg1 Rc4 28.Nd2 Rc5 29.Nf3 Rgc8
30.Rc2 Rg8 31.Rcg2 b5 32.a3 a5 33.Rc2 Rgc8 34.Rgc1 Rc4 35.Nd4 Bxd4 36.cxd4 a4
37.Rc3 Kd6 38.R1c2 f6 39.Rf2 R8c6 40.Rfc2 Rc7 41.Rc1 R7c6 42.R1c2 Kc7 43.Rc1 Kb6
44.R1c2 Rc7 45.Rc1 Ka6 46.R1c2 Ka5 47.Rc1 Rh7 48.Rg1 Rhc7 49.Rgc1 Ka6 50.R1c2 Kb7
51.Rc1 Kc8 52.R1c2 Kd7 53.Rc1 Kd6 54.R1c2 Rc8  1/2-1/2

[Event "Politiken Cup 2013"]
[Site "Helsingor DEN"]
[Date "2013.07.31"]
[Round "6.129"]
[White "Nielsen,Ej"]
[Black "Rasmussen,O"]
[Result "1-0"]
[WhiteElo "1900"]
[BlackElo "1727"]

1.d4 Nf6 2.Bg5 e6 3.Nf3 Be7 4.Nbd2 d5 5.e3 Nbd7 6.Bd3 c6 7.O-O O-O 8.c3 h6
9.Bh4 Re8 10.Rc1 Qc7 11.Bg3 Bd6 12.Bxd6 Qxd6 13.c4 Qe7 14.Ne5 Nxe5 15.dxe5 Nd7
16.f4 f5 17.Nb3 dxc4 18.Bxc4 Nb6 19.Qe2 Nxc4 20.Qxc4 Bd7 21.Rcd1 b6 22.Nd4 b5
23.Qb3 Kh7 24.Nf3 c5 25.Rd6 Rac8 26.Rfd1 Bc6 27.Kf2 c4 28.Qc3 Bxf3 29.Kxf3 Qb7+
30.Kf2 Re7 31.a3 g5 32.R1d4 g4 33.e4 fxe4 34.Qe3 a5 35.f5 exf5 36.Qxh6+ Kg8
37.Qg5+ Rg7 38.Rd8+  1-0

[Event "Politiken Cup 2013"]
[Site "Helsingor DEN"]
[Date "2013.07.31"]
[Round "6.83"]
[White "Christenson,Bjorn Aa"]
[Black "Taksrud,V"]
[Result "0-1"]
[WhiteElo "1886"]
[BlackElo "2050"]

1.d4 Nf6 2.Bg5 e6 3.e4 h6 4.Bxf6 Qxf6 5.c3 c5 6.Bc4 Nc6 7.Ne2 b6 8.O-O Bb7
9.f4 Na5 10.Bd3 c4 11.Bc2 Qe7 12.Ng3 O-O-O 13.Nd2 h5 14.e5 f5 15.exf6 gxf6
16.Be4 d5 17.Bf3 h4 18.Nh5 f5 19.b4 Nc6 20.Re1 Qf7 21.Qe2 Rh6 22.g4 hxg3
23.hxg3 Bxb4 24.Nxc4 Bxc3 25.Ne5 Bxd4+ 26.Kg2 Bxe5 27.fxe5 Nd4 28.Rec1+ Kb8
29.Qd2 Rxh5 30.Bxh5 Qxh5 31.Qxd4 Qe2+ 32.Kg1 Rh8  0-1

[Event "9th Tabor Open 2013"]
[Site "Tabor CZE"]
[Date "2013.08.01"]
[Round "6.33"]
[White "Matejka,R"]
[Black "Ruzicka,T"]
[Result "1-0"]
[WhiteElo "2020"]
[BlackElo "1782"]

1.d4 Nf6 2.Bg5 e6 3.e4 Be7 4.Bd3 O-O 5.h4 d6 6.Nf3 Nbd7 7.Nbd2 e5 8.dxe5 Nxe5
9.Nxe5 dxe5 10.Nc4 Nd7 11.Qh5 f6 12.Be3 b5 13.Nd2 a6 14.a4 c6 15.O-O Bb7
16.Nb3 Rb8 17.Qg4 Bc8 18.Qe6+ Kh8 19.Qxc6 Qe8 20.axb5 axb5 21.Ra7 Qg6 22.Be2 f5
23.Bxb5 Rxb5 24.Qxb5 f4 25.Ra8 f3 26.g3 Qg4 27.Kh2 Bxh4 28.Rxc8 Bd8 29.Rh1 Nf6
30.Rxd8 Rxd8 31.Qxe5 Nxe4 32.Qf4 Qe6 33.Qxf3 g5 34.Nc5 Qh6+ 35.Kg2  1-0

[Event "Sparkassen Open A 2013"]
[Site "Dortmund GER"]
[Date "2013.08.04"]
[Round "9.13"]
[White "Krueger,An"]
[Black "Businger,P"]
[Result "1/2-1/2"]
[WhiteElo "2120"]
[BlackElo "2073"]

1.d4 Nf6 2.Bg5 e6 3.e4 h6 4.Bxf6 Qxf6 5.c3 d6 6.Bd3 e5 7.Ne2 g6 8.O-O Bg7
9.f4 Qe7 10.dxe5 dxe5 11.f5 Nd7 12.Nd2 O-O 13.Ng3 a5 14.Qf3 Nf6 15.Nc4 Bd7
16.Ne3 c6 17.Rad1 Rad8 18.Ng4 Nxg4 19.Qxg4 g5 20.Qf3 f6 21.Qe3 Be8 22.Qb6 Bf7
23.Qxa5 Ra8 24.Qb6 Rxa2 25.Be2 Raa8 26.Ra1 Rfd8 27.Rxa8 Rxa8 28.Rd1 Bf8 29.b4 c5
30.Nh5 Bxh5 31.Bxh5 cxb4 32.cxb4 Ra6 33.Qb5 Qxb4 34.Qd7 Kh8 35.Qf7 Qc5+ 36.Kh1 Qe7
37.Qb3 Rd6 38.Rxd6 Qxd6 39.Qxb7 Qb4  1/2-1/2

[Event "5th Rethymno Open"]
[Site "Rethymno GRE"]
[Date "2013.08.04"]
[Round "9.16"]
[White "Flaata,A"]
[Black "Stavrianakis,I"]
[Result "1/2-1/2"]
[WhiteElo "2103"]
[BlackElo "2298"]

1.d4 Nf6 2.Bg5 e6 3.e3 Be7 4.Nd2 b6 5.Ngf3 Bb7 6.c3 O-O 7.Bxf6 Bxf6 8.Bd3 d5
9.h4 Nd7 10.Qc2 g6 11.h5 Kg7 12.e4 e5 13.dxe5 Nxe5 14.Nxe5 Bxe5 15.O-O-O Qf6
16.exd5 Bxd5 17.Ne4 Bxe4 18.Bxe4 Rad8 19.hxg6 hxg6 20.g3 Rxd1+ 21.Rxd1 Bd6
22.Kb1  1/2-1/2

[Event "2nd Washington Int"]
[Site "Rockville USA"]
[Date "2013.08.07"]
[Round "3.9"]
[White "Almeida Saenz,A"]
[Black "Troff,Kayden W"]
[Result "0-1"]
[WhiteElo "2352"]
[BlackElo "2428"]

1.d4 Nf6 2.Bg5 e6 3.Nf3 h6 4.Bh4 b6 5.Nbd2 Bb7 6.c3 d6 7.e3 Be7 8.Bb5+ Nbd7
9.Bxf6 Bxf6 10.O-O O-O 11.Qa4 Nb8 12.e4 c5 13.Rfd1 a6 14.Bf1 cxd4 15.Nxd4 d5
16.N4f3 b5 17.Qc2 Qc7 18.Bd3 dxe4 19.Bxe4 Nc6 20.a4 Qb6 21.Qb3 Be7 22.axb5 axb5
23.Rxa8 Bxa8 24.Bb1 Rd8 25.Re1 Qc5 26.Qc2 g6 27.h4 Qh5 28.Re4 Na5 29.Rf4 Nc4
30.Ne4 Ne5 31.Ng3 Nxf3+ 32.Rxf3 Qd5 33.Kh2 Bxh4 34.Qe2 Qd1 35.Qxd1 Rxd1 36.Rd3 Rxb1  0-1

[Event "17th Godesberg Open"]
[Site "Bonn GER"]
[Date "2013.08.10"]
[Round "8.7"]
[White "Schoen,Ra"]
[Black "Ter Steeg,M"]
[Result "1/2-1/2"]
[WhiteElo "2173"]
[BlackElo "1938"]

1.d4 Nf6 2.Bg5 e6 3.Nf3 c5 4.e3 Qb6 5.Qc1 Nc6 6.Bxf6 gxf6 7.c3 Rg8 8.g3 d6
9.Nbd2 Bd7 10.Nc4 Qc7 11.dxc5 dxc5 12.Qc2 f5 13.O-O-O b5 14.Ncd2 a6 15.Bg2 O-O-O
16.Rhe1 e5 17.Nh4 e4 18.f4 Be7 19.Bh3 Bxh4 20.gxh4 Be6 21.Nb3 c4 22.Nd4 Nxd4
23.cxd4 Qb7 24.a3 Kb8  1/2-1/2